| 000 | 00684nam a22001577a 4500 | ||
|---|---|---|---|
| 003 | OSt | ||
| 005 | 20150927144836.0 | ||
| 008 | 150927b xxu||||| |||| 00| 0 eng d | ||
| 040 | _cRUA | ||
| 082 | _aATM.Sp LY 2003 B058 Or.1 | ||
| 100 |
_91419 _aLY, SOVANNARA. |
||
| 245 | _aDamage by beet army worm on tomato in wet season 2002 at kbal koh vegetable research station, ការបំផ្លាញរបស់ដង្កូវចោះផ្លែលើដំណាំប៉េងប៉ោះនៅស្ថានីយ៍ពិសោធន៍ពូជបន្លែក្បាលកោះ | ||
| 260 |
_aPhnom Penh _bRUA _c2003 |
||
| 300 |
_a59p. _bill. _c29cm. |
||
| 942 |
_2ddc _cATMSP |
||
| 999 |
_c1334 _d1334 |
||